<?xml version="1.0" encoding="UTF-8"?>
<collection xmlns="http://www.loc.gov/MARC21/slim">
 <record>
  <leader>00522pamaa2200169   4500</leader>
  <controlfield tag="001">0000038743</controlfield>
  <controlfield tag="005">20090610090000.0</controlfield>
  <datafield tag="020" ind1="0" ind2="0">
   <subfield code="a">0742513777 </subfield>
  </datafield>
  <datafield tag="082" ind1=" " ind2=" ">
   <subfield code="a">174.25 ETH</subfield>
  </datafield>
  <datafield tag="090" ind1="0" ind2="0">
   <subfield code="a">TP248.23 </subfield>
   <subfield code="b">ETH 2002</subfield>
  </datafield>
  <datafield tag="245" ind1="1" ind2="0">
   <subfield code="a">ETHICAL issues in biotechnology  </subfield>
   <subfield code="c">edited by Richard Sherlock and John D. Morrey.</subfield>
  </datafield>
  <datafield tag="260" ind1="0" ind2="0">
   <subfield code="a">Lanham: </subfield>
   <subfield code="b">Rowman and Littlefield Publichers, </subfield>
   <subfield code="c">2002.</subfield>
  </datafield>
  <datafield tag="300" ind1=" " ind2=" ">
   <subfield code="a">xiii, 643p.; </subfield>
   <subfield code="c">27 cm.</subfield>
  </datafield>
  <datafield tag="650" ind1="0" ind2="0">
   <subfield code="a">Biotechnology -- </subfield>
   <subfield code="x">Moral and ethical aspects </subfield>
  </datafield>
  <datafield tag="700" ind1="1" ind2="1">
   <subfield code="a">Sherlock, </subfield>
   <subfield code="h">Richard </subfield>
  </datafield>
  <datafield tag="700" ind1="1" ind2="1">
   <subfield code="a">Morrey, </subfield>
   <subfield code="h">John D </subfield>
  </datafield>
 </record>
</collection>
